| 000 | 00395cam a2200157ua 4500 | ||
|---|---|---|---|
| 041 |
_aeng _h |
||
| 082 |
_a028.72631 _bADA/FA |
||
| 100 | _aAdams, R L . | ||
| 245 |
_aFarm management and crop manual / _cR L Adams. _hTextual Documents |
||
| 250 |
_a2 / _b. |
||
| 260 |
_aMumbai : _bOxford & IBH Book Company , _c1965. |
||
| 300 | _a177 ; . | ||
| 504 | _a | ||
| 942 | _cBK | ||
| 999 |
_c5518 _d5518 |
||